Orientación cultural y educacional chilena (1973-1981)
Salvato in:
| Autore principale: | |
|---|---|
| Natura: | Libro |
| Lingua: | spagnolo |
| Pubblicazione: |
Santiago
Centro de Investigación y Desarrollo de la Educación
1982
|
| Serie: | Documentos de Trabajo, 14
|
| Soggetti: | |
| Tags: |
Aggiungi Tag
Nessun Tag, puoi essere il primo ad aggiungerne!!
|
MARC
| LEADER | 00000nam a2200000 a 4500 | ||
|---|---|---|---|
| 001 | UCY5711 | ||
| 003 | CL-VaPUC | ||
| 008 | 950512e19820000CL |||||||||||||||||spa|d | ||
| 082 | 0 | 4 | |a 303.3 |b POZ |2 21 |
| 100 | 0 | |a Pozo M., Hernán |e author |9 334837 | |
| 245 | 1 | 0 | |a Orientación cultural y educacional chilena (1973-1981) |
| 300 | |a 96 p | ||
| 942 | |c BK | ||
| 945 | |d 19950512 00:00:00 |a cmena | ||
| 260 | |a Santiago |b Centro de Investigación y Desarrollo de la Educación |c 1982 | ||
| 650 | 7 | |a ORIENTACION PEDAGOGICA |2 CL-VaPUC |9 334838 | |
| 650 | 0 | |a Cultura |9 269059 | |
| 650 | 0 | |a Política cultural |9 316492 | |
| 650 | 0 | |a Política educacional |9 308011 | |
| 650 | 0 | |a Universidades |9 256317 | |
| 650 | 0 | |a Juventud |9 271073 | |
| 650 | 7 | |a ORGANIZACIONES JUVENILES |2 CL-VaPUC |9 334839 | |
| 651 | 7 | |a CHILE |2 CL-VaPUC |9 334840 | |
| 583 | |a last modification |c 20120828 09:07:08 |k Rodrigo Vera | ||
| 490 | 0 | |a Documentos de Trabajo, 14 | |
| 999 | |c 233338 |d 233336 | ||
| 952 | |0 0 |1 0 |4 0 |6 303_300000000000000_POZ_1982 |7 0 |8 P |9 238783 |a BIBEDU |b BIBEDU |c BIBEDU_PB |d 2019-11-18 |i 1500384 |o 303.3 POZ 1982 |p 1500384 |r 2019-11-18 |w 2019-11-18 |y BK |k EDU | ||